000 01239nam a2200313 a 4500
001 000008223
003 DO-SdBNP
005 20170922133133.0
007 000008223
008 090915s1985 dr a 000 0 spa d
040 _aBPMET
_bspa
_cBPMET
092 _a539
_bJ82m
111 0 _aJornada Científica "Física y Tecnología"
_n(3ª :
_dabril, 12-13, 1985 :
_cSanto Domingo, República Dominicana)
245 1 0 _aMemoria de la tercera jornada científica "Física y tecnología", en homenaje póstumo al Dr. Gustavo Rathe.
260 _aSanto Domingo :
_bCENAPEC,
_c1985.
300 _a294 p. :
_bil., gráfcs., mapas, tablas ;
_c21 cm.
500 _aJornada científica en homenaje póstumo al Doctor Gustavo Reathe.
650 5 _aINNOVACIONES TECNOLÓGICAS
_xCONGRESOS, CONFERENCIAS, ETC.
650 5 _aCIENCIAS FÍSICAS
_xCONGRESOS, CONFERENCIAS, ETC.
650 4 _aFÍSICA
_xCONGRESOS, CONFERENCIAS, ETC.
710 1 _aAcademia de Ciencias de la República Dominicana.
910 _aValidado. Control de calidad EMS
930 1 _l
_m
_h
_8
_f
_p
_g
942 _2ddc
_cBK
945 _aTítulo remanejado para BNPHU
956 _a
_b
_c
_l
_h
956 _a
_b
_c
_l
_h
956 _aVMATEO
_b10
_c20150428
_lBPMSU
_h00151
999 _c7742
_d7742